000
00269nam a2200109Ia 4500
008
200302s9999 xx 000 0 und d
100
_a
Stephen J.Ethier
245
_a
Autocad In 3 Dimensions -- 2Nd Edition
260
_b
Prentice Hall, NJ
260
_c
1997
300
_a
474
999
_c
4574
_d
4574